000 00657nam a22002057a 4500
005 20251108172953.0
008 250721s2004 xx 000 0 ara d
082 1 4 _a411.4/ زال
100 1 _aزالي، آن
245 1 0 _aتاريخ الخط العربي و غيره من الخطوط العالمية /
264 1 _aدمشق :
_bالأوائل للنشرو التوزيع،
_c2004.
300 _a127ص.
650 1 7 _aاللغة العربية
650 1 7 _aالخط العربي
650 1 7 _aالخطوط
700 1 _aبيرثييه، آني
700 1 _aالعيسى، سالم سليمان
_etran.
942 _2ddc
_cBK
999 _c93056
_d93056